| 000 | 00512nam a22001697a 4500 | ||
|---|---|---|---|
| 005 | 20231214065308.0 | ||
| 008 | 231214b |||||||| |||| 00| 0 eng d | ||
| 020 | _a9789994553280 | ||
| 041 | _aEnglish | ||
| 082 | _a340.1 NAM | ||
| 100 |
_aNamandje, S _lEnglish |
||
| 245 |
_aThe Lawyer's Place in Society and Professional Secrecy through Case Law / _cS Namandje |
||
| 260 | _c2022 | ||
| 300 |
_b133 pages ; _c25,7 cm. |
||
| 650 |
_aLegal practice _bLaw |
||
| 942 |
_cBK _6ALISON_BN_VRIES |
||
| 999 |
_c1193 _d1193 |
||